|
|
|
|
| LEADER |
00000naa2a2200000 4500 |
| 001 |
449853 |
| 005 |
20231101083232.0 |
| 035 |
|
|
|a (RuTPU)RU\TPU\prd\111964
|
| 035 |
|
|
|a RU\TPU\prd\41649
|
| 090 |
|
|
|a 449853
|
| 100 |
|
|
|a 20110608a2005 k y0rusy50 ca
|
| 101 |
0 |
|
|a rus
|
| 102 |
|
|
|a RU
|
| 200 |
1 |
|
|a Особенности применения методов механики сплошных сред для описания наноструктур
|f Е. И. Головнева, И. Ф. Головнев, В. М. Фомин
|
| 320 |
|
|
|a Библиогр.: 6 назв.
|
| 461 |
|
0 |
|0 (RuTPU)RU\TPU\prd\353
|x 1683-805X
|t Физическая мезомеханика
|f Институт физики прочности и материаловедения ; Российская академия наук (РАН), Сибирское отделение (СО), Институт физики прочности и материаловедения (ИФПМ)
|d 1998-
|
| 463 |
|
0 |
|0 (RuTPU)RU\TPU\prd\111959
|t Т. 8, № 5
|v с. 47-54
|d 2005
|
| 610 |
1 |
|
|a наноструктуры
|
| 610 |
1 |
|
|a описание
|
| 610 |
1 |
|
|a механика сплошных сред
|
| 610 |
1 |
|
|a метод молекулярной динамики
|
| 610 |
1 |
|
|a гетероструктуры
|
| 610 |
1 |
|
|a атомы поверхности
|
| 610 |
1 |
|
|a атомы объема
|
| 610 |
1 |
|
|a континуальная механика
|
| 610 |
1 |
|
|a механические характеристики
|
| 700 |
|
1 |
|a Головнева
|b Е. И.
|
| 701 |
|
1 |
|a Головнев
|b И. Ф.
|
| 701 |
|
1 |
|a Фомин
|b В. М.
|
| 801 |
|
1 |
|a RU
|b 63413507
|c 20060227
|g PSBO
|
| 801 |
|
2 |
|a RU
|b 63413507
|c 20110608
|g RCR
|
| 942 |
|
|
|c BK
|